000
00321nam a2200133Ia 4500
008
221030s9999 xx 000 0 und d
041
_a
English
100
_a
J. S. Chitode
245
0
_a
Consumer Electronics
_c
by J. S. Chitode
260
_b
Technical Pub
_a
Pune
_c
2003
300
_a
266
650
_a
BB ECE
942
_c
BK
999
_c
16674
_d
16674